000 00682cam a22002292 4500
999 _c17458
_d17458
001 0000023702
003 OSt
005 20190221155414.0
008 130319s xx 000 0 eng d
020 _a9966031235 :
040 _aKABU
_cKABU
050 _aKSK3542
_b.M36 2016 c. 1
100 1 _aMbobu, Kyalo.
245 1 4 _aThe Law and practice of evidence in Kenya /
_cKyalo Mbobu.
250 _a2nd ed.
260 _aNairobi :
_bLaw Africa,
_c2016.
300 _axlix, 411 p.
650 0 _aEvidence (Law)
_zKenya.
908 _a130319
942 _2lcc
_cBK
_e2nd
_hKSK3542
_i.M36 2016 c. 1